000 00404pab a2200169 454500
008 180718b2007 xxu||||| |||| 00| 0 eng d
100 _aKan, Kamhon
245 _aResidential mobility and social capital
260 _c2007
300 _ap.436-57.
362 _aMay
650 _aSocial capital
650 _aSocial mobility
773 _aJournal of Urban Economics
908 _aN
909 _a76217
999 _c76217
_d76217